| 000 | 00711nam a22001337a 4500 | ||
|---|---|---|---|
| 040 | _cRUA | ||
| 082 | _aAVM SOK 2015 B506 Or.1 | ||
| 100 | _aSOK KIMSAN, សុខ គិមសាន | ||
| 245 | _aStudy on Newcastle disease and theirs antibodies of native chicken by using ha and hi test at mokkompoul district kandal province, សិក្សាលើជំងឺញ៉ូកាសនិងអង់ទីករបស់ពូជមាន់ក្នុងស្រុកតាមរយៈHIនិង HI តេស្តនៅស្រុកមុខកំពូល ខេត្តកណ្ដាល | ||
| 260 |
_aPhnom Penh _bRUA _c2015 |
||
| 300 |
_ax; 40p. _bill. _c29cm. |
||
| 856 | _u SOK KIMSAN | ||
| 942 | _cAVM | ||
| 999 |
_c8775 _d8775 |
||